[Event "FIDE World Rapid Team"]
[Site "London ENG"]
[Date "2025.06.13"]
[Round "10.7"]
[White "Gallagher, Daniel Gh"]
[Black "Andiwoh, Moses"]
[Result "1-0"]
[WhiteElo "2063"]
[BlackElo "1831"]
[EventDate "2025.06.11"]
[Board "3"]

1. Nf3 d6 2. d4 Nd7 3. e4 e5 4. Nc3 c6 5. a4 Ngf6 6. Bc4 Be7 7. O-O O-O 8.
Qe2 Qc7 9. Rd1 h6 10. a5 Re8 11. d5 Nf8 12. Bb3 Ng6 13. a6 Bg4 14. axb7
Qxb7 15. dxc6 Qxc6 16. Ba4 Qb7 17. Bxe8 Rxe8 18. h3 Be6 19. Qa6 Qc8 20.
Qxc8 Rxc8 21. Rxa7 Rc4 22. Nd2 Rc8 23. Nf1 Kh7 24. Ne3 Bd8 25. Rxd6 1-0

[Event "FIDE World Rapid Team"]
[Site "London ENG"]
[Date "2025.06.13"]
[Round "10.7"]
[White "Mutisya, Jully"]
[Black "Rushbrooke, Remy"]
[Result "0-1"]
[WhiteElo "1712"]
[BlackElo "2055"]
[EventDate "2025.06.11"]
[Board "4"]

1. d4 d5 2. Bf4 Nf6 3. e3 e6 4. Nd2 c5 5. c3 Bd6 6. Bg3 O-O 7. Bd3 Qc7 8.
Ngf3 Nbd7 9. Qe2 e5 10. dxe5 Nxe5 11. Nxe5 Bxe5 12. Nf3 Bxg3 13. hxg3 h6
14. O-O-O Be6 15. Kb1 Rab8 16. Nh4 b5 17. Nf5 b4 18. c4 dxc4 19. Bc2 b3 20.
axb3 cxb3 21. Bd3 c4 22. Nxh6+ gxh6 23. Rxh6 cxd3 24. Rxd3 Rfc8 25. Rc3
Bf5+ 26. Kc1 Qxc3+ 27. bxc3 Rxc3+ 28. Kd1 Rd8+ 0-1

[Event "FIDE World Rapid Team"]
[Site "London ENG"]
[Date "2025.06.13"]
[Round "10.7"]
[White "Hng, Mei-Xian Eunice"]
[Black "Ongono, Victor"]
[Result "1-0"]
[WhiteElo "1848"]
[BlackElo "1587"]
[EventDate "2025.06.11"]
[Board "5"]

1. e4 d5 2. exd5 Qxd5 3. Nc3 Qa5 4. d4 Bf5 5. Bc4 e6 6. Nf3 Nf6 7. O-O c6
8. h3 Nbd7 9. Bf4 h6 10. Re1 g5 11. Bd2 Qc7 12. Qe2 g4 13. Nh4 Bxc2 14.
Rac1 Bh7 15. hxg4 O-O-O 16. Bb3 a6 17. Qf3 Rg8 18. Bf4 Bd6 19. Bxd6 Qxd6
20. d5 exd5 21. Bxd5 Nxg4 22. g3 Nde5 23. Qg2 Nf6 24. Rxe5 Qxe5 25. Bxc6
bxc6 26. Qxc6+ Qc7 27. Qxa6+ Kb8 28. Qxf6 Rxg3+ 29. fxg3 Qxg3+ 30. Ng2 Rd2
31. Qb6+ Ka8 32. Qa6+ Kb8 33. Ne2 Bc2 34. Nxg3 1-0

[Event "FIDE World Rapid Team"]
[Site "London ENG"]
[Date "2025.06.13"]
[Round "10.7"]
[White "Kuka, Kyle"]
[Black "Nayberg, Simona"]
[Result "1-0"]
[WhiteElo "1496"]
[BlackElo "1833"]
[EventDate "2025.06.11"]
[Board "6"]

1. e4 c5 2. c3 Nf6 3. e5 Nd5 4. Nf3 Nc6 5. Bc4 Nb6 6. Bb3 e6 7. O-O Be7 8.
a4 d5 9. d4 O-O 10. Be3 Nd7 11. Bc2 cxd4 12. Bxd4 Nxd4 13. cxd4 Re8 14. Nc3
a6 15. Ne1 Nf8 16. f4 Qb6 17. Rb1 f6 18. Kh1 Bd7 19. f5 fxe5 20. dxe5 d4
21. f6 dxc3 22. f7+ Kh8 23. fxe8=Q Bxe8 24. bxc3 Qc6 25. Qf3 Qxf3 26. Nxf3
Bc6 27. Nd4 Bd5 28. Rf7 Re8 29. c4 Kg8 30. Rxf8+ Rxf8 31. cxd5 exd5 32. g3
Bc5 33. Ne6 Rc8 34. Nxc5 Rxc5 35. Bf5 d4 36. Re1 g6 37. e6 Rc8 38. e7 Re8
39. Bd7 1-0

[Event "FIDE World Rapid Team"]
[Site "London ENG"]
[Date "2025.06.13"]
[Round "10.8"]
[White "Sedykh, Mikhail"]
[Black "Bryant, Harry"]
[Result "1-0"]
[WhiteElo "2108"]
[BlackElo "2121"]
[EventDate "2025.06.11"]
[Board "1"]

1. d4 d5 2. c4 e6 3. Nc3 Nf6 4. cxd5 exd5 5. Bg5 Bb4 6. Nf3 h6 7. Bh4 g5 8.
Bg3 Ne4 9. Nd2 Nxc3 10. bxc3 Bxc3 11. Rc1 Ba5 12. e3 c6 13. Bd3 Bc7 14. Nf3
Nd7 15. Qb3 Bxg3 16. hxg3 Qa5+ 17. Kf1 Qb6 18. Nxg5 Qxb3 19. axb3 Nf6 20.
Ke2 a5 21. Nf3 Bg4 22. Kd2 Ke7 23. Ra1 Nd7 24. Rhc1 h5 25. Nh4 Ra7 26. Ra2
Kf6 27. Rca1 Rha8 28. Nf3 Ke7 29. Ne1 Kd6 30. Bf1 c5 31. Bb5 Nb6 32. dxc5+
Kxc5 33. Bf1 Nd7 34. Nd3+ Kd6 35. b4 b6 36. Nf4 Nf6 37. f3 Bd7 38. Bd3 a4
39. b5 Ra5 40. Ne2 Bxb5 41. Bxb5 Rxb5 42. Rxa4 Rxa4 43. Rxa4 Rb2+ 44. Kd1
Nd7 45. Nf4 b5 46. Rd4 Nb6 47. Nxd5 Nc4 48. Kc1 Rf2 49. Nf4+ Kc6 50. Nxh5
Nxe3 51. Rf4 Kc5 52. Rxf7 Kc4 53. Rc7+ Kb3 54. Nf4 Nc4 55. Kd1 b4 56. Ke1
Rc2 57. Nd3 Rc3 58. Ke2 Rc2+ 59. Ke1 Rc3 60. Ke2 Rc2+ 61. Ke1 Rc3 62. Ke2
Rc2+ 63. Ke1 Rc3 64. Nc5+ Ka3 65. Ra7+ Kb2 66. Na4+ Kb3 67. Nxc3 bxc3 68.
Kd1 Nb2+ 69. Ke2 c2 70. Rb7+ Kc3 71. Rc7+ Kb3 72. Kd2 1-0

[Event "FIDE World Rapid Team"]
[Site "London ENG"]
[Date "2025.06.13"]
[Round "10.8"]
[White "Dasgupta, Avyukt"]
[Black "Bansal, Saahil"]
[Result "1-0"]
[WhiteElo "2083"]
[BlackElo "1874"]
[EventDate "2025.06.11"]
[Board "2"]

1. b4 Nf6 2. Bb2 e6 3. b5 d5 4. e3 c5 5. Nf3 Be7 6. c4 O-O 7. a4 b6 8. Na3
Bb7 9. Be2 Nbd7 10. Qc2 Qc7 11. d3 Rac8 12. Qc3 Rfd8 13. Qb3 e5 14. cxd5
Bxd5 15. Nc4 e4 16. dxe4 Nxe4 17. Rd1 Ndf6 18. O-O Qb7 19. Qc2 h6 20. Nfe5
Nd6 21. Nxd6 Bxd6 22. Nc6 Bxc6 23. bxc6 Qxc6 24. Bxf6 gxf6 25. Bb5 Qc7 26.
Qf5 Bxh2+ 27. Kh1 Be5 28. Bd7 Rb8 29. f4 Bd6 30. Bb5 Bf8 31. Bd3 Bg7 32.
Rf3 c4 33. Qh7+ Kf8 34. Rc1 Ke7 35. Rxc4 Qd6 36. Re4+ Kf8 37. Rg3 1-0

[Event "FIDE World Rapid Team"]
[Site "London ENG"]
[Date "2025.06.13"]
[Round "10.8"]
[White "Bharat Kumar, Balahari"]
[Black "Vashisht-Pigem, Raman"]
[Result "1-0"]
[WhiteElo "1790"]
[BlackElo "2015"]
[EventDate "2025.06.11"]
[Board "3"]

1. d4 e6 2. c4 b6 3. Nf3 Bb7 4. e3 Nf6 5. Bd3 Be7 6. O-O O-O 7. b3 d5 8.
Bb2 Nbd7 9. Nbd2 dxc4 10. bxc4 c5 11. Qe2 h6 12. Rac1 Rc8 13. Rfd1 Qc7 14.
h3 Rfd8 15. Bb1 Bd6 16. a3 Nf8 17. Ne5 Bxe5 18. dxe5 Qc6 19. f4 Ne8 20. Ne4
Qc7 21. Nd6 Nxd6 22. exd6 Rxd6 23. Rxd6 Qxd6 24. Qg4 Ng6 25. Bxg6 fxg6 26.
Rd1 Qe7 27. Qxg6 Bc6 28. Bxg7 Qxg7 29. Qxe6+ Kh7 30. g4 Rc7 31. Rd8 Qa1+
32. Kf2 Qb2+ 33. Kg3 Qg7 34. Qf5+ Qg6 35. Rh8+ Kg7 36. Rg8+ Kxg8 37. Qxg6+
Kf8 38. Qd6+ 1-0

[Event "FIDE World Rapid Team"]
[Site "London ENG"]
[Date "2025.06.13"]
[Round "10.8"]
[White "Mokhber-Garcia, Sebastian"]
[Black "Ding, Yicheng"]
[Result "1-0"]
[WhiteElo "1921"]
[BlackElo "1761"]
[EventDate "2025.06.11"]
[Board "4"]

1. d4 Nf6 2. c4 e6 3. g4 Bb4+ 4. Bd2 Bxd2+ 5. Qxd2 Nxg4 6. Nf3 g6 7. Rg1
Nf6 8. Nc3 d5 9. e3 a6 10. a4 Nbd7 11. c5 c6 12. a5 Qe7 13. O-O-O Ne4 14.
Qc2 Nxc3 15. bxc3 e5 16. e4 dxe4 17. Qxe4 f5 18. Qc2 e4 19. Nd2 Nf6 20. Nc4
Nd5 21. Nd6+ Kd8 22. c4 Nf6 23. Qb2 Ne8 24. d5 Nxd6 25. Qxh8+ Ne8 26. Qd4
Qf6 27. dxc6+ Qxd4 28. Rxd4+ Kc7 29. cxb7 Bxb7 30. Be2 Ng7 31. Rgd1 Bc6 32.
Rd6 Ne8 33. Re6 g5 34. Re7+ Kc8 35. Rxh7 Nf6 36. Rh8+ Kc7 37. Rh6 Nd7 38.
Rdd6 Ba4 39. c6 Ne5 40. Bd1 Bxc6 41. Bc2 Bd7 42. Rxa6 Rxa6 43. Rxa6 Nxc4
44. Rg6 Nxa5 45. Rxg5 Nc4 46. Bxe4 Nd6 47. Bd3 Kd8 48. h4 Ke7 49. Rg7+ Nf7
50. Bc4 Be6 51. Bxe6 Kxe6 52. Kd2 Kf6 53. Rg1 Ne5 54. Ke2 Ng6 55. Rh1 Nf4+
56. Ke3 Nh5 57. Rg1 Ke5 58. Rg5 Nf6 1-0

[Event "FIDE World Rapid Team"]
[Site "London ENG"]
[Date "2025.06.13"]
[Round "10.8"]
[White "Sedykh, Stakhey"]
[Black "Maton, Emily"]
[Result "0-1"]
[WhiteElo "1694"]
[BlackElo "1827"]
[EventDate "2025.06.11"]
[Board "5"]

1. c4 c5 2. g3 Nc6 3. Bg2 g6 4. Nc3 Bg7 5. Nf3 d6 6. O-O Nf6 7. d4 cxd4 8.
Nxd4 Nxd4 9. Qxd4 O-O 10. Qd3 a6 11. Bd2 Qc7 12. Rac1 Be6 13. b3 Qd7 14. e4
Bh3 15. Nd5 Nxd5 16. exd5 Bxg2 17. Kxg2 Rac8 18. a4 e6 19. f4 exd5 20. cxd5
Rfe8 21. Rxc8 Qxc8 22. Rc1 Qg4 23. Re1 Rxe1 24. Bxe1 Qd7 25. Bb4 Bf8 26.
Bc3 Bg7 27. Bb4 Qc7 28. Qc4 Qxc4 29. bxc4 Bf8 30. Kf3 f5 31. Ke3 Kf7 32.
Kd4 b6 33. a5 bxa5 34. Bxa5 Bg7+ 35. Kd3 Ke8 36. Bb4 Kd7 37. c5 dxc5 38.
Bxc5 Bf6 39. Kc4 Be7 40. Bb6 Bd6 41. Kb3 Bc7 42. Bc5 Bd6 43. Bb6 Kc8 44.
Ka4 Kb7 45. Bd4 Bc7 46. Bc5 Bb6 47. Kb4 Bxc5+ 48. Kxc5 Kc7 49. d6+ Kd7 50.
Kd5 a5 51. Kc5 a4 52. Kb4 Kxd6 53. Kxa4 Kd5 54. Kb3 Ke4 55. Kc3 Kf3 56. Kd3
Kg2 57. Ke2 Kxh2 58. Kf2 Kh3 59. Kf3 h5 60. Kf2 Kg4 61. Kg2 h4 62. gxh4
Kxh4 63. Kf3 Kh3 64. Kf2 Kg4 65. Ke3 Kg3 66. Kd4 0-1

[Event "FIDE World Rapid Team"]
[Site "London ENG"]
[Date "2025.06.13"]
[Round "10.8"]
[White "Lapidus, Alexey M."]
[Black "Ding, Yihua"]
[Result "1-0"]
[WhiteElo "1884"]
[BlackElo "1536"]
[EventDate "2025.06.11"]
[Board "6"]

1. e4 c5 2. Nf3 d6 3. d4 cxd4 4. Nxd4 Nf6 5. Nc3 a6 6. Bg5 Nbd7 7. Bc4 e6
8. Qe2 Be7 9. h4 h6 10. Bxf6 Bxf6 11. O-O-O Qc7 12. Bxe6 Bxd4 13. Bxf7+
Kxf7 14. Qh5+ Kf8 15. Rxd4 Nf6 16. Qf3 Ke8 17. Qg3 Kf7 18. Rxd6 Be6 1-0

[Event "FIDE World Rapid Team"]
[Site "London ENG"]
[Date "2025.06.13"]
[Round "11.1"]
[White "Erigaisi, Arjun"]
[Black "Martinez Alcantara, Jose Eduardo"]
[Result "1-0"]
[WhiteElo "2708"]
[BlackElo "2665"]
[EventDate "2025.06.11"]
[Board "1"]

1. d4 d5 2. c4 e6 3. Nc3 Nf6 4. cxd5 exd5 5. Bg5 Be7 6. e3 O-O 7. Bd3 h6 8.
Bh4 c6 9. Nge2 Nh5 10. Bxe7 Qxe7 11. Qc2 Nd7 12. g4 Nhf6 13. Rg1 b5 14. h4
Kh8 15. g5 Nh5 16. O-O-O Nb6 17. Ng3 Nxg3 18. Rxg3 h5 19. Ne2 Bg4 20. Nf4
c5 21. Rxg4 hxg4 22. Qe2 Qd7 23. dxc5 Rfc8 24. b4 a5 25. Bc2 axb4 26. Qd3
Kg8 27. cxb6 Rxa2 28. Rd2 Rc5 29. Qh7+ Kf8 30. Qh8+ Ke7 31. Qxg7 b3 32.
Ng6+ 1-0

[Event "FIDE World Rapid Team"]
[Site "London ENG"]
[Date "2025.06.13"]
[Round "11.1"]
[White "Jumabayev, Rinat"]
[Black "Harikrishna, Pentala"]
[Result "1/2-1/2"]
[WhiteElo "2524"]
[BlackElo "2634"]
[EventDate "2025.06.11"]
[Board "2"]

1. Nf3 d5 2. g3 Nf6 3. Bg2 e6 4. O-O Be7 5. c4 O-O 6. d4 dxc4 7. Qc2 a6 8.
a4 Bd7 9. Qxc4 Bc6 10. Bf4 Bd6 11. Qc1 a5 12. Nc3 Na6 13. Rd1 Nb4 14. Ne1
Bxg2 15. Kxg2 Qe7 16. Nf3 Nbd5 17. Bg5 h6 18. Bxf6 Nxf6 19. e4 e5 20. Nh4
exd4 21. Nf5 Qe6 22. Nxd4 Qc4 23. Ncb5 Qxc1 24. Raxc1 Nxe4 25. Nf5 Bb4 26.
Nxc7 Rad8 27. Nd5 Nc5 28. Nfe3 Nxa4 29. b3 Nb2 30. Rd4 Rfe8 31. Rc2 Ba3 32.
Rg4 Kf8 33. Nc3 Rc8 34. Nb5 Rxc2 35. Nxc2 Bc5 36. Kf1 b6 37. Rf4 Nd3 38.
Rf5 Rd8 39. Ne3 Bxe3 40. fxe3 Nc5 41. Nd4 Rd6 42. Ke2 g6 43. Rf1 Ke7 44.
Rc1 h5 45. Rc4 f5 46. b4 axb4 47. Rxb4 Kf6 48. h3 g5 49. Rb5 Kg6 50. Kf3
Rf6 51. Kg2 Ne4 52. Re5 g4 53. hxg4 hxg4 54. Nxf5 Rxf5 55. Rxe4 Kg5 56. Re8
Rb5 57. Rg8+ Kf5 58. e4+ Kxe4 59. Rxg4+ Kf5 1/2-1/2

[Event "FIDE World Rapid Team"]
[Site "London ENG"]
[Date "2025.06.13"]
[Round "11.1"]
[White "Anton Guijarro, David"]
[Black "Tin, Jingyao"]
[Result "0-1"]
[WhiteElo "2625"]
[BlackElo "2485"]
[EventDate "2025.06.11"]
[Board "3"]

1. Nf3 d5 2. c4 d4 3. b4 c5 4. a3 Nd7 5. g3 a5 6. b5 g6 7. Bg2 Bg7 8. d3
Nh6 9. Ra2 Ra7 10. e3 dxe3 11. Bxe3 Nf5 12. Bf4 b6 13. g4 Nd4 14. Nxd4 Bxd4
15. Qe2 O-O 16. Nd2 Nf6 17. h3 Bb7 18. Bxb7 Rxb7 19. Kd1 Rd7 20. Kc2 Qa8
21. Rd1 Qg2 22. Qf3 Qxf2 23. Qxf2 Bxf2 24. Nf3 Bd4 25. Kb3 Rfd8 26. Re2 Ne8
27. Be5 Bxe5 28. Nxe5 Rd6 29. Kc3 Re6 30. Rde1 Kf8 31. Rf1 Rf6 32. Rxf6
exf6 33. Nc6 Rd7 34. d4 cxd4+ 35. Nxd4 Nd6 36. a4 Rc7 37. Nc6 Nb7 38. Rd2
Nc5 39. Rd8+ Kg7 40. Kd4 Ne6+ 41. Kd5 Nxd8 42. Nxd8 Rd7+ 43. Kc6 Rxd8 44.
Kxb6 f5 45. gxf5 gxf5 46. c5 f4 47. c6 f3 48. c7 Re8 0-1

[Event "FIDE World Rapid Team"]
[Site "London ENG"]
[Date "2025.06.13"]
[Round "11.1"]
[White "Le, Tuan Minh"]
[Black "Pranav, V"]
[Result "0-1"]
[WhiteElo "2503"]
[BlackElo "2537"]
[EventDate "2025.06.11"]
[Board "4"]

1. d4 Nf6 2. c4 e6 3. Nc3 Bb4 4. e3 O-O 5. Bd2 b6 6. Nf3 Bb7 7. Bd3 d6 8.
O-O Nbd7 9. Rc1 Bxc3 10. Bxc3 Ne4 11. Be1 f5 12. Kh1 a5 13. Ng1 Qg5 14. f3
Nef6 15. Qd2 e5 16. d5 Nc5 17. Be2 Rae8 18. b3 Bc8 19. Bf2 Qh6 20. Bd1 Nh5
21. Bc2 f4 22. exf4 exf4 23. Rce1 Rxe1 24. Rxe1 Qf6 25. Ne2 Bf5 26. Nd4
Bxc2 27. Qxc2 Qf7 28. a3 Re8 29. Rxe8+ Qxe8 30. b4 axb4 31. axb4 Na6 32.
Qb3 Nf6 33. Qa3 Nb8 34. Qa7 Qc8 35. b5 Nbd7 36. Ne6 Ne8 37. Bd4 Nf8 38. Ng5
Qd8 39. Ne4 h6 40. h3 Ng6 41. Qa1 Nh4 42. Qc1 Ng6 43. Qc2 Qe7 44. Kh2 Kf7
45. Nf2 Nf6 46. Nd3 Nh5 47. Bf2 Ne5 48. Nb4 g6 49. Nc6 Nxc6 50. bxc6 Ng7
51. Qd2 Qe5 52. Bd4 Qg5 53. Qe2 Kf8 54. Bf2 Qe7 55. Qd2 Qg5 56. Qa2 Qe7 57.
Qd2 Qg5 58. Qe1 Qe7 59. Qa1 Kf7 60. Qc1 Qg5 61. Qd2 Ne8 62. Qd4 Nf6 63. Qa1
Kf8 64. Bxb6 Ne8 65. Bf2 Qf6 66. Qb1 Kf7 67. Qd3 Qe5 68. Bd4 Qe1 69. Qe4
Qg3+ 70. Kh1 Qg5 71. c5 Qf5 72. Qxf5+ gxf5 73. cxd6 cxd6 74. Bc3 Ke7 75.
Bd2 Nc7 76. Bxf4 h5 77. Kh2 Nxd5 78. Bg5+ Kf7 79. Kg3 Kg6 80. Kh4 Nb6 81.
c7 d5 82. Be3 Nc8 83. Bd4 f4 84. Bc5 Kh6 85. Bb4 Kg6 86. Bd2 Nd6 87. g4
fxg3 88. Kxg3 Kf5 89. Bb4 Nc8 90. Kh4 Kg6 91. Bc5 Kh6 92. Kg3 Kg5 93. f4+
Kf5 94. Bd4 Ke4 95. Bc5 d4 96. Bb4 d3 97. Bd2 Kd5 98. Kf3 Kc6 99. Ba5 Kb5
100. Bc3 Kc4 101. Be1 Kd4 102. Bd2 Ne7 103. Bb4 Nc8 104. Be1 Ne7 105. f5
Ke5 106. f6 d2 107. fxe7 d1=Q+ 108. Kg2 Qd7 109. Bh4 Ke6 110. Bg5 Kf7 111.
h4 Qxc7 112. Kf3 Qe5 113. Kf2 Kg6 0-1

[Event "FIDE World Rapid Team"]
[Site "London ENG"]
[Date "2025.06.13"]
[Round "11.1"]
[White "Tsolakidou, Stavroula"]
[Black "Gong, Qianyun"]
[Result "1-0"]
[WhiteElo "2394"]
[BlackElo "2220"]
[EventDate "2025.06.11"]
[Board "5"]

1. e4 e6 2. d4 d5 3. Nd2 c5 4. Ngf3 Nc6 5. exd5 exd5 6. Bb5 Qe7+ 7. Be2 Nf6
8. O-O Qc7 9. dxc5 Bxc5 10. Nb3 Be7 11. Bg5 O-O 12. c3 Be6 13. Nbd4 Rad8
14. Re1 h6 15. Bh4 Ne4 16. Bxe7 Qxe7 17. Bd3 Bg4 18. Qc2 Bxf3 19. Nxf3 f5
20. Rad1 Qc5 21. b4 Qb6 22. b5 Na5 23. Bf1 Rc8 24. Rxd5 Nxc3 25. Rd7 Ne4
26. Qb2 Qf6 27. Qxf6 Rxf6 28. Nd4 Nc5 29. Rd5 f4 30. Ree5 Na4 31. Re7 Nb6
32. Rf5 Rcf8 33. Rxf6 Rxf6 34. Ne6 g6 35. Nd8 Nd5 36. Rd7 Nb6 37. Rc7 Nd5
38. Rc5 Ne7 39. Nxb7 Nxb7 40. Rc7 Rb6 41. Rxe7 Kf8 42. Rh7 g5 43. a4 Kg8
44. Rc7 Kf8 45. h4 gxh4 46. Be2 Ke8 47. Bf3 Na5 48. Rxa7 Nb3 49. Bc6+ Kd8
50. a5 Rb8 51. Rd7+ Kc8 52. a6 Na5 53. a7 Nxc6 54. axb8=Q+ Nxb8 55. Rh7 Nd7
56. Rxh6 f3 57. gxf3 Ne5 58. Kg2 Kc7 59. Rxh4 1-0

[Event "FIDE World Rapid Team"]
[Site "London ENG"]
[Date "2025.06.13"]
[Round "11.1"]
[White "Zhang, Changjie"]
[Black "Atharvaa, P Tayade"]
[Result "0-1"]
[WhiteElo "1676"]
[BlackElo "1952"]
[EventDate "2025.06.11"]
[Board "6"]

1. e4 c5 2. Nc3 a6 3. f4 b5 4. d3 Bb7 5. Nf3 e6 6. g3 b4 7. Nb1 d5 8. e5 h5
9. Bg2 Nh6 10. O-O Nf5 11. Qe1 Nc6 12. Nbd2 Ncd4 13. Nxd4 Nxd4 14. Qd1 h4
15. Nf3 hxg3 16. hxg3 Nf5 17. Qe1 Be7 18. c3 a5 19. c4 dxc4 20. dxc4 Qd3
21. Qf2 Qxc4 22. Nd2 Qb5 23. Ne4 c4 24. Nd6+ Nxd6 25. exd6 Bxd6 26. Be3
O-O-O 27. Rad1 Be7 28. Bxb7+ Qxb7 29. Qg2 Qxg2+ 30. Kxg2 Kb7 31. Rc1 Rd3
32. Bf2 Rc8 33. Rfd1 Rxd1 34. Rxd1 c3 35. Rd7+ Rc7 36. Rxc7+ Kxc7 37. bxc3
bxc3 38. Bd4 Bf6 39. Be3 Kc6 40. Kf3 Kd5 41. g4 a4 42. f5 exf5 43. gxf5 Ke5
44. Ke2 Kxf5 45. Kd3 Kg4 46. Kc4 c2 47. Bc1 Bg5 0-1

[Event "FIDE World Rapid Team"]
[Site "London ENG"]
[Date "2025.06.13"]
[Round "11.2"]
[White "Aronian, Levon"]
[Black "Nogerbek, Kazybek"]
[Result "1-0"]
[WhiteElo "2746"]
[BlackElo "2531"]
[EventDate "2025.06.11"]
[Board "1"]

1. e4 e5 2. Nf3 Nc6 3. Bb5 a6 4. Ba4 Nf6 5. O-O Be7 6. Bxc6 dxc6 7. Re1 Nd7
8. c3 c5 9. Qc2 O-O 10. d4 exd4 11. cxd4 cxd4 12. Nxd4 Ne5 13. Rd1 Bd7 14.
Nc3 Qc8 15. Nd5 Bd8 16. Bf4 Re8 17. Rac1 c6 18. Ne3 Ng6 19. Bg3 Bg5 20. Re1
c5 21. Ndf5 Bxf5 22. exf5 Ne7 23. h4 Bf6 24. Nc4 Qc6 25. Nd6 Red8 26. Qxc5
Qxc5 27. Rxc5 Rd7 28. Nc8 h5 29. Nb6 Rad8 30. Nxd7 Rxd7 31. Rc7 Rxc7 32.
Bxc7 Nxf5 33. g3 Nd4 34. Kg2 Nc6 35. Bf4 Nb4 36. Bd2 Nd5 37. b3 Kf8 38. a4
g6 39. Bh6+ Kg8 40. Re8+ Kh7 41. Bg5 Kg7 42. Bxf6+ Kxf6 43. a5 Ne7 44. Rb8
Nc6 45. Rxb7 Nxa5 46. Rb6+ Ke7 47. b4 Nc4 48. Rxa6 1-0

[Event "FIDE World Rapid Team"]
[Site "London ENG"]
[Date "2025.06.13"]
[Round "11.2"]
[White "Makhnev, Denis"]
[Black "Dominguez Perez, Leinier"]
[Result "1-0"]
[WhiteElo "2531"]
[BlackElo "2708"]
[EventDate "2025.06.11"]
[Board "2"]

1. d4 d5 2. Nf3 Nf6 3. Bf4 e6 4. e3 c5 5. Nbd2 Nc6 6. c3 Be7 7. Ne5 c4 8.
b3 cxb3 9. axb3 Nxe5 10. Bxe5 O-O 11. Be2 b6 12. O-O a5 13. b4 Ba6 14. Bxa6
Rxa6 15. Qa4 Ra8 16. Qb5 Qe8 17. Qxb6 Nd7 18. Qc7 a4 19. Ra3 Nxe5 20. dxe5
Rc8 21. Qb7 Rb8 22. Qa6 Ra8 23. Qd3 Ra7 24. Rfa1 Qd7 25. Nf3 Rfa8 26. Nd4
Bd8 27. Qb5 Qxb5 28. Nxb5 Ra6 29. Kf1 Kf8 30. Ke2 Ke7 31. Kd3 Bb6 32. g4
Kd7 33. c4 dxc4+ 34. Kxc4 Bc7 35. f4 Bb6 36. Kd3 Bd8 37. Nc3 Be7 38. Rxa4
Rxa4 39. Nxa4 Kc7 40. Kc4 h5 41. gxh5 Rh8 42. Nc5 Rxh5 43. Ra7+ Kd8 44.
Nb7+ Ke8 45. Nd6+ Bxd6 46. exd6 Rxh2 47. b5 Rc2+ 48. Kb4 Rb2+ 49. Kc5 Rc2+
50. Kb6 g6 51. Re7+ Kd8 52. Rxf7 Rd2 53. Kc5 Rd3 54. b6 Kc8 55. Rc7+ Kb8
56. d7 1-0

[Event "FIDE World Rapid Team"]
[Site "London ENG"]
[Date "2025.06.13"]
[Round "11.2"]
[White "Giri, Anish"]
[Black "Agmanov, Zhandos"]
[Result "1-0"]
[WhiteElo "2688"]
[BlackElo "2388"]
[EventDate "2025.06.11"]
[Board "3"]

1. e4 e5 2. Nf3 Nc6 3. Bb5 Nf6 4. d3 Bc5 5. Bxc6 dxc6 6. O-O Nd7 7. Nc3 a5
8. Ne2 b6 9. a3 O-O 10. Be3 Bd6 11. Ng3 Re8 12. Nd2 Nf8 13. Nf5 Bxf5 14.
exf5 f6 15. Qf3 Qd7 16. Ne4 Rad8 17. h4 Qf7 18. g4 Be7 19. Kh2 Nd7 20. Rg1
Rf8 21. Rg3 Kh8 22. Rag1 h6 23. Rh3 c5 24. Rgg3 c4 25. dxc4 Nc5 26. Bxc5
Bxc5 27. Qe2 Rd4 28. b3 Rfd8 29. c3 R4d7 30. b4 axb4 31. axb4 Bf8 32. Rg1
c5 33. b5 Ra7 34. g5 fxg5 35. hxg5 Qxf5 36. Rf3 Ra2 37. Qe3 Qe6 38. gxh6 g6
39. Ng5 Qxc4 40. Qxe5+ 1-0

[Event "FIDE World Rapid Team"]
[Site "London ENG"]
[Date "2025.06.13"]
[Round "11.2"]
[White "Mamedov, Edgar"]
[Black "Vidit, Santosh Gujrathi"]
[Result "1/2-1/2"]
[WhiteElo "2324"]
[BlackElo "2650"]
[EventDate "2025.06.11"]
[Board "4"]

1. d4 Nf6 2. c4 e6 3. Nc3 Bb4 4. e3 O-O 5. Bd3 d5 6. a3 Bxc3+ 7. bxc3 dxc4
8. Bxc4 c5 9. Nf3 Qc7 10. Be2 Nc6 11. O-O e5 12. Bb2 Rd8 13. Qc2 Bg4 14.
dxe5 Nxe5 15. c4 Nxf3+ 16. gxf3 Bh3 17. Rfd1 Qc6 18. Be5 h5 19. Bg3 Qe6 20.
Qb2 Qc6 21. Qe5 b6 22. Qg5 Qe6 23. Kh1 Bf5 24. Qf4 Bc2 25. Rxd8+ Rxd8 26.
Rg1 Rd2 27. Bf1 Qf5 28. Qxf5 Bxf5 29. Be5 Kh7 30. Bg3 Ra2 31. e4 Be6 32.
Bd3 Rxa3 33. Rd1 Ne8 34. Kg2 Kg8 35. f4 f6 36. Be2 Bg4 37. f3 Be6 38. f5
Bf7 39. f4 Rc3 40. e5 Rc2 41. Kf1 Bxc4 42. Bxc4+ Rxc4 43. Rd8 Kf8 44. e6 h4
45. Bf2 Rxf4 46. Rd7 Rxf5 47. Rf7+ Kg8 48. Re7 Nd6 49. Rd7 Ne8 50. Re7 Nd6
51. Rd7 Ne8 52. Re7 Kf8 53. Rf7+ Kg8 54. Re7 Kf8 55. Rf7+ Kg8 1/2-1/2

[Event "FIDE World Rapid Team"]
[Site "London ENG"]
[Date "2025.06.13"]
[Round "11.2"]
[White "Divya, Deshmukh"]
[Black "Kairbekova, Amina"]
[Result "1/2-1/2"]
[WhiteElo "2386"]
[BlackElo "2280"]
[EventDate "2025.06.11"]
[Board "5"]

1. e4 c5 2. Nf3 e6 3. c3 d5 4. exd5 exd5 5. d4 Nc6 6. Bb5 Bd6 7. dxc5 Bxc5
8. O-O Ne7 9. Nbd2 O-O 10. Nb3 Bb6 11. h3 Nf5 12. Re1 Bxf2+ 13. Kxf2 Qb6+
14. Nbd4 Ncxd4 15. Nxd4 Nxd4 16. Qxd4 Qxb5 17. b3 Be6 18. Bf4 Qb6 19. Qxb6
axb6 20. Be3 Rfc8 21. Bd4 b5 22. a4 bxa4 23. Rxa4 Rxa4 24. bxa4 Rc4 25. Ra1
Bd7 26. a5 f6 27. Rb1 Bc6 28. Rb4 Kf7 29. Rxc4 dxc4 30. h4 h5 31. g3 Ke6
32. Ke3 Kf5 33. Bb6 Kg4 34. Kf2 g5 35. hxg5 fxg5 36. Bd8 Kf5 37. Ke3 Kg4
38. Kf2 h4 39. gxh4 gxh4 40. Bc7 Kf5 41. Ke3 h3 42. Bb8 Bb5 43. Bc7 Bc6 44.
Bb8 Ke6 45. Kd4 Bb5 46. Bh2 Kf5 47. Ke3 Ba6 48. Bb8 Ke6 49. Kd4 Bb5 50. Bh2
Kf5 51. Ke3 Bc6 1/2-1/2

[Event "FIDE World Rapid Team"]
[Site "London ENG"]
[Date "2025.06.13"]
[Round "11.3"]
[White "Keymer, Vincent"]
[Black "Firouzja, Alireza"]
[Result "0-1"]
[WhiteElo "2649"]
[BlackElo "2753"]
[EventDate "2025.06.11"]
[Board "1"]

1. c4 c5 2. g3 g6 3. Bg2 Bg7 4. Nc3 Nc6 5. d3 e6 6. h4 Nf6 7. Nh3 h6 8. Bd2
b6 9. Nb5 d5 10. Bf4 O-O 11. Qc1 Kh7 12. h5 Nxh5 13. Bd6 Rh8 14. cxd5 Ba6
15. Bc7 Qc8 16. d6 Bxb5 17. a4 Ba6 18. Bxc6 Bb7 19. Bxb7 Qxb7 20. O-O Nf6
21. b4 cxb4 22. Qf4 a5 23. Rac1 Rhf8 24. e4 Nd7 25. Qe3 b5 26. axb5 Qxb5
27. d4 b3 28. e5 a4 29. Rb1 Nb6 30. Nf4 Nc4 31. Qd3 Na3 32. Qxb5 Nxb5 33.
Rfc1 Nxd4 34. d7 Bxe5 35. d8=Q Rfxd8 36. Bxd8 Bxf4 37. gxf4 Ne2+ 0-1